[Event "Detroit (MI Action/3)"]
[Site "?"]
[Date "1992.??.??"]
[Round "?"]
[White "Helle, Frank"]
[Black "Tsemekhman, Vadim"]
[Result "0-1"]
[WhiteElo "2120"]
[BlackElo "2485"]
[PlyCount "64"]
[EventDate "1992.??.??"]

1. d4 Nf6 2. c4 e5 3. dxe5 Ng4 4. Nf3 Bc5 5. e3 Nc6 6. Be2 O-O 7. a3 a5 8. b3
Ncxe5 9. Bb2 Nxf2 10. Qd5 Nxf3+ 11. Kxf2 Ng5 12. Nd2 Qe7 13. Qe5 Re8 14. Qxe7
Rxe7 15. Bd4 Bxd4 16. exd4 Ra6 17. Bf3 Nxf3 18. Nxf3 Rae6 19. Rae1 d6 20. Rxe6
Rxe6 21. d5 Re7 22. Nd4 Bd7 23. Kf3 g5 24. h3 Kg7 25. b4 a4 26. g4 Re5 27. Rc1
Kg6 28. Ne2 f5 29. Nc3 fxg4+ 30. hxg4 Bxg4+ 31. Kxg4 Re3 32. Rh1 Rxc3 0-1

[Event "Detroit (MI Action/6)"]
[Site "?"]
[Date "1992.??.??"]
[Round "?"]
[White "Helle, Frank"]
[Black "Dyer, Todd"]
[Result "1-0"]
[WhiteElo "2120"]
[BlackElo "1605"]
[PlyCount "26"]
[EventDate "1992.??.??"]

1. d4 Nf6 2. c4 d5 3. Nc3 c6 4. cxd5 cxd5 5. Nf3 Bf5 6. Qb3 Qd7 7. Ne5 Qc7 8.
Nxd5 Nxd5 9. Qxd5 e6 10. Qb5+ Nd7 11. Nxd7 Qxd7 12. e3 a6 13. Qxd7+ Kxd7 1-0

[Event "Ann Arbor (Holiday Op)"]
[Site "?"]
[Date "1992.??.??"]
[Round "?"]
[White "Helle, Frank"]
[Black "Carrara, W."]
[Result "1-0"]
[WhiteElo "2105"]
[BlackElo "1735"]
[PlyCount "93"]
[EventDate "1992.??.??"]

1. d4 c5 2. dxc5 e6 3. c4 Bxc5 4. Nf3 Nf6 5. Nc3 O-O 6. e3 b6 7. Be2 Bb7 8. a3
d5 9. b4 Be7 10. cxd5 Nxd5 11. Bb2 Bf6 12. Qb3 Nxc3 13. Bxc3 Bxc3+ 14. Qxc3 Nd7
15. O-O Qf6 16. Qc7 Bxf3 17. Bxf3 Qd8 18. Rac1 Rc8 19. Qxa7 Ne5 20. Rxc8 Nxf3+
21. gxf3 Qxc8 22. Qxb6 Qa8 23. b5 Qxa3 24. Qc7 Qa8 25. Qc6 Qxc6 26. bxc6 Rc8
27. Rc1 Kf8 28. Kg2 Ke7 29. Kg3 f5 30. Kf4 Kd6 31. Rd1+ Ke7 32. Rd7+ Kf6 33. c7
g5+ 34. Kg3 h5 35. h4 g4 36. fxg4 fxg4 37. Kf4 e5+ 38. Ke4 Ke6 39. Rh7 Kd6 40.
Rxh5 Rxc7 41. Rh6+ Kc5 42. Kxe5 Rf7 43. Rg6 Rxf2 44. Rxg4 Rf8 45. e4 Re8+ 46.
Kf6 Kd6 47. e5+ 1-0

[Event "Detroit (MI Action/1)"]
[Site "?"]
[Date "1992.??.??"]
[Round "?"]
[White "Helle, Frank"]
[Black "Black, T."]
[Result "1-0"]
[WhiteElo "2120"]
[BlackElo "1605"]
[PlyCount "120"]
[EventDate "1992.??.??"]

1. d4 e6 2. c4 d6 3. Nc3 Nf6 4. Bg5 Be7 5. e3 h6 6. Bh4 g5 7. Bg3 Bd7 8. Qd2
Nc6 9. Bd3 a6 10. Nge2 Nb4 11. Bb1 Bc6 12. a3 Bxg2 13. Rg1 Bf3 14. axb4 h5 15.
h4 g4 16. Nf4 Nd7 17. Be4 Bxe4 18. Nxe4 Bxh4 19. Rh1 Bxg3 20. fxg3 h4 21. gxh4
Rxh4 22. O-O-O Qe7 23. Qf2 Rxh1 24. Rxh1 O-O-O 25. Qh4 Qxh4 26. Rxh4 Rg8 27.
Nh5 Rh8 28. Rh1 f5 29. Neg3 c6 30. Kd2 Kd8 31. Nf4 Rxh1 32. Nxh1 Nf8 33. Ng3
Ke7 34. e4 e5 35. Nxf5+ Kf6 36. dxe5+ Kxe5 37. Ke3 b6 38. Nd3+ Ke6 39. Nf2 g3
40. Nxg3 Ng6 41. Nd3 d5 42. cxd5+ cxd5 43. Nf4+ Nxf4 44. Kxf4 dxe4 45. Kxe4 Kd6
46. Kd4 Kc6 47. Kc4 Kd6 48. Ne4+ Ke5 49. Nc3 Ke6 50. b5 a5 51. Na4 Kd6 52. Nxb6
Kc7 53. Kc5 Kb7 54. b3 Ka7 55. Nc4 Kb7 56. Nxa5+ Ka8 57. Kc6 Kb8 58. Nc4 Ka8
59. Nb6+ Kb8 60. Nd7+ Ka8 1-0

[Event "Lansing (Apr)"]
[Site "?"]
[Date "1992.??.??"]
[Round "?"]
[White "Hayes, Tim"]
[Black "Swartz, J."]
[Result "1/2-1/2"]
[WhiteElo "1605"]
[BlackElo "1605"]
[PlyCount "104"]
[EventDate "1992.??.??"]

1. e4 c5 2. Nf3 d6 3. d4 cxd4 4. Nxd4 a6 5. c4 Nf6 6. Nc3 e5 7. Nc2 Nc6 8. Bg5
Be7 9. Ne3 Nd4 10. Bd3 Qb6 11. Bxf6 Bxf6 12. Ncd5 Qd8 13. O-O b5 14. Rc1 O-O
15. b3 Bg5 16. f4 exf4 17. Nxf4 Bb7 18. Bb1 Qb6 19. Kh1 Rfe8 20. Ned5 Bxd5 21.
Nxd5 Qa7 22. Rc3 Ne6 23. Qg4 Qd4 24. Rcf3 Ra7 25. h4 Bd8 26. Qg3 Qe5 27. Qf2
Qd4 28. Rxf7 Qxf2 29. R7xf2 Rf8 30. Rxf8+ Nxf8 31. g3 Ne6 32. Kg2 bxc4 33. bxc4
Nd4 34. Rf2 Rb7 35. Bd3 a5 36. Nf4 Bb6 37. Rb2 Nc6 38. Nd5 Nb4 39. Nxb4 Bd4 40.
Rb1 Rxb4 41. Rxb4 axb4 42. g4 h6 43. h5 Kf7 44. Kf3 Ke6 45. Kf4 Kf6 46. Be2
Be5+ 47. Ke3 Ke6 48. Kd3 Kd7 49. Ke3 Kc6 50. Bd1 Kc5 51. Bb3 Bd4+ 52. Kf4 Be5+
1/2-1/2

[Event "East Lansing (MI Am/1)"]
[Site "?"]
[Date "1992.??.??"]
[Round "?"]
[White "Hayes, Tim"]
[Black "Spencer, Gordon"]
[Result "1-0"]
[WhiteElo "1605"]
[BlackElo "1605"]
[PlyCount "77"]
[EventDate "1992.??.??"]

1. e4 c5 2. Nf3 Nc6 3. d4 cxd4 4. Nxd4 Nf6 5. Nc3 e5 6. Nf3 Be7 7. Bg5 h6 8.
Bh4 a6 9. a4 O-O 10. Bc4 Qb6 11. Bb3 Re8 12. O-O d6 13. Bxf6 Bxf6 14. Qxd6 Rd8
15. Qa3 Be7 16. Qa2 Rf8 17. Nd5 Qd8 18. Rad1 Na5 19. Nxe5 Nxb3 20. Qxb3 Bc5 21.
Ng6 Re8 22. Nde7+ Bxe7 23. Rxd8 Bxd8 24. Qd5 Rb8 25. Nf4 b6 26. f3 Bc7 27. Qc6
Re7 28. Nd5 Rd7 29. Nxc7 Rd8 30. Nd5 Bd7 31. Qc7 Bxa4 32. Rd1 Rbc8 33. Nf6+
gxf6 34. Rxd8+ Rxd8 35. Qxd8+ Kg7 36. b3 Bb5 37. Qc8 a5 38. c4 a4 39. cxb5 1-0

[Event "Lansing (Apr)"]
[Site "?"]
[Date "1992.??.??"]
[Round "?"]
[White "Hayes, Tim"]
[Black "Pope, Nick"]
[Result "0-1"]
[WhiteElo "1605"]
[BlackElo "1730"]
[PlyCount "78"]
[EventDate "1992.??.??"]

1. e4 e5 2. Nf3 Nf6 3. Nc3 Nc6 4. Bc4 Bb4 5. O-O Bxc3 6. dxc3 d6 7. Ng5 O-O 8.
Qf3 Bg4 9. Qg3 Bh5 10. Bd3 Bg6 11. f4 h6 12. f5 Bh7 13. Nf3 Nh5 14. Qh3 Nf4 15.
Qg4 h5 16. Qg3 Nxd3 17. Bh6 Bg6 18. fxg6 gxh6 19. gxf7+ Kh8 20. Qg6 Rxf7 21.
Qxf7 Nf4 22. Nd2 Qg8 23. Qxg8+ Rxg8 24. g3 h4 25. Rf3 hxg3 26. hxg3 Nh3+ 27.
Kg2 Ng5 28. Rf6 Kg7 29. Raf1 Nd8 30. Nf3 Kxf6 31. Nh4+ Ke6 32. Nf5 Nxe4 33. Kf3
Ng5+ 34. Ke3 Ndf7 35. c4 c6 36. g4 d5 37. c5 Ne4 38. a4 Rxg4 39. Kd3 Nxc5+ 0-1

[Event "East Lansing (MI Am/3)"]
[Site "?"]
[Date "1992.??.??"]
[Round "?"]
[White "Hayes, Tim"]
[Black "Golingai, P."]
[Result "1-0"]
[WhiteElo "1605"]
[BlackElo "1605"]
[PlyCount "139"]
[EventDate "1992.??.??"]

1. e4 e6 2. d4 d5 3. e5 c5 4. c3 Nc6 5. Nf3 cxd4 6. cxd4 Qb6 7. Nc3 Nge7 8. Bd3
Bd7 9. Bc2 Ng6 10. O-O Be7 11. Ne2 f6 12. Rb1 fxe5 13. Bxg6+ hxg6 14. Nxe5 Nxe5
15. dxe5 Qc7 16. Bf4 O-O-O 17. Nd4 Kb8 18. Qd2 Rh7 19. Rfc1 Qb6 20. a3 Rdh8 21.
Rc3 Bg5 22. h3 Bxf4 23. Qxf4 Rh4 24. Qf7 Rxd4 25. Qxd7 Rd2 26. Qd6+ Qxd6 27.
exd6 Rd8 28. Rbc1 a6 29. Rc7 Rxd6 30. Rxg7 Rxb2 31. Rg8+ Ka7 32. Rxg6 d4 33.
Rd1 d3 34. h4 Rc2 35. h5 d2 36. Kf1 Rc1 37. Ke2 Rc5 38. h6 Re5+ 39. Kf1 Rh5 40.
g4 Rh4 41. Ke2 Rh2 42. Rxd2 Rxd2+ 43. Kxd2 Rxf2+ 44. Ke3 Rg2 45. Kf3 Rh2 46.
Rxe6 b5 47. Kg3 Rh1 48. Kg2 Rh4 49. Rg6 a5 50. Rg7+ Kb6 51. h7 b4 52. axb4 axb4
53. Kg3 Rh1 54. g5 b3 55. Rg6+ Kc5 56. Rh6 Rxh6 57. gxh6 b2 58. h8=Q b1=Q 59.
Qc8+ Kd6 60. Qd8+ Kc6 61. Kg4 Qg6+ 62. Qg5 Qe4+ 63. Kh5 Qf3+ 64. Kg6 Qd3+ 65.
Qf5 Qg3+ 66. Kf7 Qc7+ 67. Kg8 Qg3+ 68. Kh8 Qb8+ 69. Kg7 Qc7+ 70. Qf7 1-0

[Event "East Lansing (MI Am/1)"]
[Site "?"]
[Date "1992.??.??"]
[Round "?"]
[White "Hayes, P."]
[Black "Woods, I."]
[Result "1-0"]
[WhiteElo "1605"]
[BlackElo "1605"]
[PlyCount "47"]
[EventDate "1992.??.??"]

1. e4 e5 2. Nf3 Nc6 3. Bc4 Nf6 4. Ng5 Qe7 5. Nxf7 Rg8 6. Ng5 Rh8 7. Bf7+ Kd8 8.
Bb3 h6 9. Nf7+ Ke8 10. Nxh8 Nxe4 11. Qh5+ Kd8 12. Nf7+ Ke8 13. Nd6+ Kd8 14.
Nxe4 Nd4 15. d3 Qb4+ 16. c3 Qb5 17. cxd4 exd4 18. Qxb5 d6 19. O-O Bd7 20. Qxb7
Rc8 21. Bf4 Bf5 22. Nbd2 a5 23. Rac1 g5 24. Bxd6 1-0

[Event "Detroit (MOR/7/88)"]
[Site "?"]
[Date "1992.??.??"]
[Round "?"]
[White "Hayes, P."]
[Black "Waugh, D."]
[Result "0-1"]
[WhiteElo "1605"]
[BlackElo "1605"]
[PlyCount "88"]
[EventDate "1992.??.??"]

{7/(88)} 1. e4 e5 2. Nf3 Nc6 3. d4 exd4 4. Nxd4 Nge7 5. Be3 Nxd4 6. Qxd4 Nc6 7.
Qd5 Nb4 8. Qd1 b6 9. c3 Nc6 10. Bc4 Bb7 11. Qh5 Qe7 12. O-O Ne5 13. Bd5 Bxd5
14. exd5 g6 15. Qe2 f6 16. Nd2 O-O-O 17. a4 Qd6 18. a5 Qxd5 19. axb6 axb6 20.
Qa6+ Qb7 21. Qa8+ Qb8 22. Ne4 Be7 23. b3 Qxa8 24. Rxa8+ Kb7 25. Rxd8 Rxd8 26.
Bd4 c5 27. Be3 d5 28. Ng3 Ra8 29. f4 Ng4 30. Bd2 Ra2 31. Bc1 Rc2 32. h3 Rxc3
33. Ne2 Rc2 34. Re1 Nh6 35. Nd4 Rxc1 36. Rxc1 cxd4 37. Kf2 f5 38. Re1 Ng8 39.
Re6 Kc7 40. Ke2 Bd6 41. g3 Kd7 42. Re5 Bxe5 43. fxe5 Ke6 44. Kd3 Kxe5 0-1

[Event "Detroit (MOR/3/99)"]
[Site "?"]
[Date "1992.??.??"]
[Round "?"]
[White "Hayes, P."]
[Black "Vangilder, W."]
[Result "0-1"]
[WhiteElo "1605"]
[BlackElo "1605"]
[PlyCount "38"]
[EventDate "1992.??.??"]

{3/(99)} 1. e4 Nc6 2. d4 d5 3. e5 Bf5 4. Bb5 e6 5. Nf3 Be7 6. Be3 f6 7. c3 Qd7
8. Nbd2 Bg4 9. O-O Bd8 10. Qa4 Nge7 11. Rfe1 a6 12. h3 Bh5 13. Bf4 O-O 14. Bg3
f5 15. c4 h6 16. cxd5 Nxd5 17. Nb3 Be7 18. Rac1 axb5 19. Qxb5 Bxf3 0-1

[Event "Detroit (MOR/1b/33)"]
[Site "?"]
[Date "1992.??.??"]
[Round "?"]
[White "Hayes, P."]
[Black "Saulmon, Scott"]
[Result "0-1"]
[WhiteElo "1605"]
[BlackElo "1765"]
[PlyCount "43"]
[EventDate "1992.??.??"]

1. e4 e6 2. d4 d5 3. e5 c5 4. c3 Nc6 5. Nf3 Qb6 6. b3 cxd4 7. cxd4 Bb4+ 8. Bd2
Nxd4 9. Bxb4 Qxb4+ 10. Nbd2 Nxf3+ 11. Qxf3 Bd7 12. Rc1 Rc8 13. Rxc8+ Bxc8 14.
Bd3 Ne7 15. Qe3 Qa3 16. O-O Bd7 17. Ra1 O-O 18. Nf3 Nf5 19. Qd2 Rc8 20. g4 Ne7
21. Qg5 h6 22. Qxe7 0-1

[Event "East Lansing (MI Am/3)"]
[Site "?"]
[Date "1992.??.??"]
[Round "?"]
[White "Hayes, P."]
[Black "Pontoni, M."]
[Result "0-1"]
[WhiteElo "1605"]
[BlackElo "1605"]
[PlyCount "38"]
[EventDate "1992.??.??"]

1. e4 e5 2. Nf3 Nc6 3. Bc4 Nf6 4. Ng5 d5 5. exd5 Na5 6. Bb5+ c6 7. dxc6 bxc6 8.
Be2 h6 9. Nf3 e4 10. Ne5 Qd5 11. Ng4 Nxg4 12. Bxg4 e3 13. Bf3 exf2+ 14. Kf1 Qf5
15. Kxf2 Bc5+ 16. d4 Bb6 17. Re1+ Be6 18. Re5 Qxe5 19. Kg1 Bxd4+ 0-1

[Event "Detroit (Pan Am/5)"]
[Site "?"]
[Date "1992.??.??"]
[Round "?"]
[White "Hayes, P."]
[Black "Moore, Deane"]
[Result "1-0"]
[WhiteElo "1605"]
[BlackElo "1605"]
[PlyCount "125"]
[EventDate "1992.??.??"]

1. e4 e5 2. Nf3 d6 3. Bc4 h6 4. Nc3 a6 5. d4 exd4 6. Nxd4 Nf6 7. O-O Bg4 8. Qe1
Nbd7 9. Bb3 Be7 10. Nf5 Bxf5 11. exf5 c6 12. Be3 O-O 13. Rd1 b5 14. f3 a5 15.
a3 d5 16. Kh1 a4 17. Ba2 b4 18. Nb1 bxa3 19. Nxa3 Bd6 20. Nc4 Qc7 21. Nxd6 Qxd6
22. c4 Rfe8 23. Qf2 Qe5 24. Bd4 Qxf5 25. Bb1 Qf4 26. cxd5 cxd5 27. Ba2 Qd6 28.
Qd2 Qa6 29. Qf4 Re2 30. Bb1 Rae8 31. Bd3 Qe6 32. Bxe2 Qxe2 33. Bc3 Qc2 34. Rd2
Qb3 35. Rc1 Qb5 36. h3 Qc5 37. Rdc2 Qb5 38. Bxf6 Nxf6 39. Qd4 Qa5 40. Rc5 Qa7
41. Qd3 Qb8 42. Qa3 Qa8 43. b3 axb3 44. Qxa8 Rxa8 45. Rc8+ Rxc8 46. Rxc8+ Kh7
47. Rb8 Kg6 48. Rxb3 Kf5 49. g3 Ke5 50. Kg2 Kd4 51. Rb7 Ke3 52. Rxf7 d4 53.
Re7+ Kd2 54. Kf2 d3 55. Rxg7 Nd5 56. Rd7 Nb4 57. f4 Nc2 58. f5 Kc3 59. f6 Nd4
60. Rxd4 Kxd4 61. Ke1 Ke3 62. f7 d2+ 63. Kd1 1-0

[Event "Detroit (Pan Am/1)"]
[Site "?"]
[Date "1992.??.??"]
[Round "?"]
[White "Hayes, P."]
[Black "Marinelli, Philip"]
[Result "0-1"]
[WhiteElo "1605"]
[BlackElo "1920"]
[PlyCount "74"]
[EventDate "1992.??.??"]

1. e4 e6 2. d4 c5 3. c3 cxd4 4. cxd4 Be7 5. Be2 d6 6. Nf3 a6 7. Nc3 Nd7 8. b3
b5 9. a3 Bb7 10. b4 Rc8 11. Bb2 Qc7 12. Rc1 Qb8 13. Bd3 Ngf6 14. Qe2 e5 15. d5
Nb6 16. Nd2 O-O 17. O-O g6 18. Qf3 Rc7 19. Be2 Bc8 20. Qg3 Bd7 21. f4 exf4 22.
Rxf4 Ne8 23. Bg4 Bxg4 24. Qxg4 Nf6 25. Qh3 Nh5 26. Rg4 Ng7 27. Rf1 Qd8 28. Ne2
Rc2 29. Bc3 Na4 30. Qd3 Nxc3 31. Nxc3 Qc8 32. Qxc2 Qxg4 33. Nb3 Nh5 34. Nd4 Bd8
35. Nc6 Bb6+ 36. Kh1 Ng3+ 37. hxg3 Qh5# 0-1

[Event "Detroit (Pan Am/3)"]
[Site "?"]
[Date "1992.??.??"]
[Round "?"]
[White "Hayes, P."]
[Black "Collins, Charles"]
[Result "0-1"]
[WhiteElo "1605"]
[BlackElo "1760"]
[PlyCount "58"]
[EventDate "1992.??.??"]

1. e4 Nf6 2. e5 Nd5 3. c4 Nb6 4. d4 d6 5. Nf3 Bg4 6. Nbd2 Nc6 7. Be2 e6 8. b3
Be7 9. a3 O-O 10. Bb2 f6 11. exf6 Bxf6 12. Ne4 Bxf3 13. Nxf6+ Qxf6 14. Bxf3 e5
15. d5 Ne7 16. O-O Ng6 17. Bc1 e4 18. Bg4 Qxa1 19. Be6+ Kh8 20. Qd2 Qf6 21. Bb2
Ne5 22. f3 exf3 23. Kh1 fxg2+ 24. Qxg2 Qxf1+ 25. Qxf1 Rxf1+ 26. Kg2 Raf8 27.
Bd4 Nbd7 28. b4 Rd1 29. Be3 Nxc4 0-1

[Event "Detroit (MOR/5/92)"]
[Site "?"]
[Date "1992.??.??"]
[Round "?"]
[White "Hayes, P."]
[Black "Brown, W."]
[Result "1-0"]
[WhiteElo "1605"]
[BlackElo "1605"]
[PlyCount "91"]
[EventDate "1992.??.??"]

{5/(92)} 1. e4 e5 2. Nf3 Nc6 3. d4 exd4 4. Nxd4 Nxd4 5. Qxd4 d6 6. Bc4 h6 7.
Nc3 Nf6 8. O-O Be7 9. b3 c6 10. Bb2 O-O 11. Rfe1 Nd7 12. Nd5 Ne5 13. Nxe7+ Qxe7
14. f4 Re8 15. fxe5 dxe5 16. Qf2 b5 17. Bd3 f6 18. c4 Rd8 19. Rad1 a6 20. Qg3
Bb7 21. Bc1 Kh7 22. Be2 Rh8 23. Bg4 Bc8 24. Re3 bxc4 25. bxc4 Qc5 26. Ba3 Qxc4
27. Bf5+ Bxf5 28. exf5 Rhg8 29. Qg6+ Kh8 30. Rh3 Ra7 31. Bc1 Qf7 32. Bxh6 Qxg6
33. Be3+ Qh7 34. Rxh7+ Kxh7 35. Bxa7 Rc8 36. Bc5 Kg8 37. Rd7 Rb8 38. Ba3 Rb5
39. Rd8+ Kh7 40. Be7 e4 41. g4 Re5 42. Rd7 Kh6 43. h4 Kh7 44. Bxf6 Rd5 45.
Rxg7+ Kh6 46. Rg8 1-0

[Event "East Lansing (MI Am/2)"]
[Site "?"]
[Date "1992.??.??"]
[Round "?"]
[White "Harrison, T."]
[Black "Rodriguez, Juan"]
[Result "0-1"]
[WhiteElo "1605"]
[BlackElo "1605"]
[PlyCount "90"]
[EventDate "1992.??.??"]

1. e4 e6 2. d4 d5 3. Nc3 Nf6 4. f3 Bb4 5. Bd2 Bxc3 6. Bxc3 dxe4 7. f4 O-O 8.
Nh3 Nc6 9. Bb5 Qd5 10. Bxc6 Qxc6 11. Qe2 b6 12. O-O a5 13. Be1 Ba6 14. c4 Bxc4
15. Qc2 Qd5 16. Rf2 Ng4 17. Rd2 Rac8 18. b3 Bd3 19. Rxd3 exd3 20. Qxd3 c5 21.
Rc1 Qxd4+ 22. Qxd4 cxd4 23. Rd1 Rfd8 24. Nf2 Nxf2 25. Bxf2 Rc6 26. Kf1 d3 27.
Be3 b5 28. Bd2 b4 29. Ra1 Rc2 30. Ke1 Rd4 31. a3 Re4+ 32. Kd1 Kf8 33. axb4 axb4
34. Ra8+ Ke7 35. Rh8 h6 36. Rh7 Kf6 37. g3 Rb2 38. Rh8 Rb1+ 39. Bc1 Rxb3 40.
Rd8 Rc4 41. h3 Rb1 42. Rxd3 Rcxc1+ 43. Kd2 Rd1+ 44. Ke2 Rxd3 45. Kxd3 Rc1 0-1

[Event "East Lansing (MI Am/5)"]
[Site "?"]
[Date "1992.??.??"]
[Round "?"]
[White "Harrison, T."]
[Black "Niemi, G."]
[Result "0-1"]
[WhiteElo "1605"]
[BlackElo "1605"]
[PlyCount "120"]
[EventDate "1992.??.??"]

1. e4 e5 2. d4 Nc6 3. d5 Nb4 4. Bc4 Nf6 5. c3 Na6 6. Qf3 d6 7. Bb5+ Bd7 8. a4
Nc5 9. Nd2 a6 10. Bxd7+ Qxd7 11. b3 Be7 12. Qe2 O-O 13. Nh3 b5 14. axb5 axb5
15. Rxa8 Rxa8 16. c4 Ra2 17. Qf3 bxc4 18. bxc4 Qa4 19. O-O Qc2 20. Qd1 Nfxe4
21. Qxc2 Rxc2 22. Nxe4 Nxe4 23. Be3 Rxc4 24. Rb1 h6 25. Rb3 Nc3 26. Bd2 Nxd5
27. Rb5 Nb6 28. g3 Rc5 29. Rb4 d5 30. Rb1 e4 31. Bb4 d4 32. Bxc5 Bxc5 33. Rc1
Bd6 34. Rc6 f5 35. f4 d3 36. Kf2 g6 37. Ke3 Kf7 38. Nf2 Na4 39. Nd1 Ke6 40. Kd4
Nb6 41. Nc3 Kd7 42. Rxd6+ Kxd6 43. Nb5+ Ke7 44. Ke3 Kd7 45. Nc3 c5 46. g4 Nc4+
47. Kf2 Kc6 48. gxf5 gxf5 49. Ke1 Ne3 50. Kf2 Nc2 51. Kg3 c4 52. Kh4 e3 53. Kh5
e2 54. Kg6 e1=Q 55. Kxf5 Qxc3 56. h4 Kd6 57. h5 Nd4+ 58. Kg6 Qd2 59. Kf7 Qxf4+
60. Ke8 Qf5 0-1

[Event "Flint (Beg/4)"]
[Site "?"]
[Date "1992.??.??"]
[Round "?"]
[White "Harrison, T."]
[Black "McCormick, K."]
[Result "0-1"]
[WhiteElo "1605"]
[BlackElo "1605"]
[PlyCount "50"]
[EventDate "1992.??.??"]

1. e4 e5 2. d4 exd4 3. c3 dxc3 4. Bc4 d6 5. Nxc3 Nf6 6. Bg5 Be7 7. Nf3 Bg4 8.
Bxf6 Bxf6 9. Qd5 Bxc3+ 10. bxc3 O-O 11. Qxb7 Nd7 12. Rd1 Bxf3 13. gxf3 Re8 14.
Qd5 Qf6 15. Kf1 Qxf3 16. Rd3 Qxh1+ 17. Ke2 Rxe4+ 18. Re3 Rxe3+ 19. Kxe3 Qxd5
20. Bxd5 Re8+ 21. Kd4 Re2 22. Bc6 Nb6 23. c4 Rxa2 24. c5 dxc5+ 25. Kxc5 Rxf2
0-1

[Event "Flint (Beg/3)"]
[Site "?"]
[Date "1992.??.??"]
[Round "?"]
[White "Harrison, T."]
[Black "Basile, R."]
[Result "0-1"]
[WhiteElo "1605"]
[BlackElo "1605"]
[PlyCount "74"]
[EventDate "1992.??.??"]

1. e4 c5 2. Nf3 d6 3. d4 cxd4 4. Nxd4 Nf6 5. Nc3 Bd7 6. Bc4 e6 7. Bg5 Be7 8. f4
e5 9. fxe5 dxe5 10. Nf3 Qc7 11. Bxf6 Bxf6 12. Bd5 Nc6 13. O-O Qb6+ 14. Rf2 Rd8
15. Na4 Qa5 16. c3 O-O 17. b4 Qc7 18. Qb3 b6 19. Raf1 Ne7 20. c4 Bc6 21. h4 Ng6
22. h5 Nf4 23. g3 Nh3+ 24. Kh2 Nxf2 25. Rxf2 Qd7 26. Rd2 Bxa4 27. Bxf7+ Rxf7
28. Qc3 Qe8 29. b5 Rxd2+ 30. Nxd2 Bd1 31. Qc1 Bxh5 32. c5 Qxb5 33. c6 Rc7 34.
Qd1 Bxd1 35. a4 Qe2+ 36. Kh3 Qxd2 37. a5 Bf3 0-1

[Event "Ann Arbor (HVA/3/13)"]
[Site "?"]
[Date "1992.??.??"]
[Round "?"]
[White "Harlan, K."]
[Black "Waugh, D."]
[Result "1-0"]
[WhiteElo "1670"]
[BlackElo "1605"]
[PlyCount "125"]
[EventDate "1992.??.??"]

{3/(13)} 1. e4 e5 2. Nf3 Nc6 3. Bb5 Nge7 4. d4 exd4 5. Nxd4 Ne5 6. f4 c6 7. Ba4
N5g6 8. Nc3 b5 9. Bb3 a5 10. a3 d5 11. exd5 Bb7 12. dxc6 Nxc6 13. Nxc6 Qxd1+
14. Nxd1 Bxc6 15. O-O Bd6 16. Re1+ Ne7 17. f5 h6 18. Rf1 Be5 19. c3 Rd8 20. Ne3
Rg8 21. Ng4 Bf6 22. Bxh6 Rd2 23. Rf2 Rxf2 24. Kxf2 Nxf5 25. Bf4 Rh8 26. Nxf6+
gxf6 27. Re1+ Kf8 28. g4 Rh4 29. h3 Rxh3 30. Bd1 Ng7 31. Bd6+ Kg8 32. Re3 Rh1
33. Bf3 Bxf3 34. Kxf3 Rd1 35. Bc7 a4 36. Re2 Ne6 37. Bb6 Kf8 38. Ke4 Ke7 39.
Rf2 Rd6 40. Ba5 Nc5+ 41. Ke3 Re6+ 42. Kf3 Nd3 43. Rd2 Ne5+ 44. Kg3 Nc6 45. Bb4+
Nxb4 46. cxb4 Rd6 47. Rxd6 Kxd6 48. Kf4 Ke6 49. Ke4 Kd6 50. Kf5 Ke7 51. Ke4 Ke6
52. Kd4 Kd6 53. Kc3 Ke5 54. b3 axb3 55. Kxb3 f5 56. gxf5 Kxf5 57. a4 bxa4+ 58.
Kxa4 Ke4 59. b5 f5 60. b6 f4 61. b7 f3 62. b8=Q f2 63. Qb1+ 1-0

[Event "Lansing (Aug)"]
[Site "?"]
[Date "1992.??.??"]
[Round "?"]
[White "Hall, W."]
[Black "Smeckert, Dennis"]
[Result "1/2-1/2"]
[WhiteElo "1605"]
[BlackElo "1605"]
[PlyCount "117"]
[EventDate "1992.??.??"]

1. e4 e5 2. Nf3 Nc6 3. Bb5 f5 4. d3 fxe4 5. dxe4 d6 6. Nc3 Nf6 7. O-O Be7 8.
Bc4 Bg4 9. Re1 Nd4 10. h3 Nxf3+ 11. gxf3 Bxh3 12. Nd5 c6 13. Nxe7 Qxe7 14. Bg5
O-O-O 15. Qe2 h6 16. Bh4 g5 17. Bg3 Nh5 18. f4 Nxf4 19. Bxf4 gxf4 20. Qh5 Qg5+
21. Qxg5 hxg5 22. Bf1 Be6 23. Bg2 Rdf8 24. f3 Rh4 25. Kf2 Rfh8 26. a4 g4 27.
fxg4 Bxg4 28. Ra3 f3 29. Bxf3 Bxf3 30. Kxf3 Rh3+ 31. Kg4 Rxa3 32. bxa3 Rf8 33.
a5 b5 34. axb6 axb6 35. Re3 Rf7 36. Rc3 Rf4+ 37. Kg5 Kb7 38. Re3 Rf7 39. Rh3 c5
40. c4 Rf4 41. Re3 Ka6 42. Rd3 Rxe4 43. Rxd6 Rxc4 44. Kf5 e4 45. Kf4 Rc3 46.
Kxe4 Rxa3 47. Rd8 Kb5 48. Rc8 Ra4+ 49. Kd3 Rd4+ 50. Kc3 Rd6 51. Rh8 Rd7 52. Rb8
Kc6 53. Rc8+ Rc7 54. Rh8 b5 55. Rb8 b4+ 56. Kb3 Kd6 57. Kc4 Re7 58. Rd8+ Ke5
59. Rd5+ 1/2-1/2

[Event "Lansing (Aug)"]
[Site "?"]
[Date "1992.??.??"]
[Round "?"]
[White "Hall, W."]
[Black "Jackson, Don"]
[Result "1-0"]
[WhiteElo "1605"]
[BlackElo "1605"]
[PlyCount "57"]
[EventDate "1992.??.??"]

1. e4 e5 2. Nf3 Nc6 3. Bb5 d6 4. O-O Nf6 5. Re1 Be7 6. h3 O-O 7. d4 Nxd4 8.
Nxd4 exd4 9. Qxd4 Nh5 10. Nc3 c6 11. Be2 Bf6 12. Qd3 g6 13. Bxh5 gxh5 14. Qf3
Kh8 15. Qxh5 Be6 16. Bf4 Rg8 17. e5 Bg5 18. Bg3 d5 19. Rad1 Qb6 20. Rb1 Bd2 21.
Bh4 Rxg2+ 22. Kxg2 Rg8+ 23. Kh1 Rg6 24. Bf6+ Kg8 25. Rg1 Qxf2 26. Rxg6+ fxg6
27. Qe2 Qf4 28. Rf1 Qd4 29. Rd1 1-0

[Event "Ann Arbor (MI Inv Pre/3)"]
[Site "?"]
[Date "1992.??.??"]
[Round "?"]
[White "Hahn, David"]
[Black "Tsemekhman, Vadim"]
[Result "0-1"]
[WhiteElo "2250"]
[BlackElo "2425"]
[PlyCount "75"]
[EventDate "1992.??.??"]

1. d4 Nf6 2. c4 g6 3. Nc3 Bg7 4. e4 d6 5. f3 O-O 6. Bg5 c6 7. Qd2 a6 8. O-O-O
b5 9. Bh6 Bxh6 10. Qxh6 b4 11. Nb1 Qa5 12. Bd3 Ra7 13. g4 e5 14. Ne2 Nbd7 15.
Ng3 exd4 16. g5 Ne8 17. Nh5 Qd8 18. f4 Nc5 19. f5 gxh5 20. f6 d5 21. exd5 Nxd3+
22. Rxd3 Qd6 23. Re1 Qf4+ 24. Nd2 Nxf6 25. Qxf6 Qxf6 26. gxf6 cxd5 27. Rxd4
dxc4 28. Nxc4 Rc7 29. b3 Be6 30. Kb2 Rc5 31. Rg1+ Kh8 32. Nd6 a5 33. Rg7 h6 34.
Ne4 Rfc8 35. Rg2 Re5 36. Rgd2 Rg8 37. Nd6 Re1 38. Nc4 0-1

[Event "Detroit (MI Op/3/1)"]
[Site "?"]
[Date "1992.??.??"]
[Round "?"]
[White "Hahn, David"]
[Black "Tsemekhman, Vadim"]
[Result "0-1"]
[WhiteElo "2225"]
[BlackElo "2435"]
[PlyCount "88"]
[EventDate "1992.??.??"]

{3/(1)} 1. c4 g6 2. d4 Nf6 3. Nc3 Bg7 4. e4 d6 5. f3 O-O 6. Nge2 e5 7. Bg5 c6
8. d5 a6 9. Qd2 b5 10. cxb5 cxb5 11. Ng3 Nbd7 12. Be2 Nc5 13. b4 Ncd7 14. O-O
Nb6 15. a4 bxa4 16. Nxa4 Bd7 17. Nxb6 Qxb6+ 18. Be3 Qb7 19. Ra5 Ne8 20. Rfa1
Nc7 21. Qa2 h5 22. Bxa6 Nxa6 23. Rxa6 Rxa6 24. Qxa6 Qxb4 25. Qa3 Qxa3 26. Rxa3
Rb8 27. Rc3 Rb1+ 28. Rc1 Rb2 29. Nf1 f5 30. Nd2 Bf8 31. Nc4 Re2 32. Kf1 Ra2 33.
Rb1 Bc8 34. Rb2 Ra4 35. Nd2 Ba6+ 36. Kf2 f4 37. Bb6 Be7 38. Bc7 Kf7 39. Nb3 Ra3
40. Bb6 Ke8 41. Nc1 Bh4+ 42. g3 Bg5 43. Ne2 Ra1 44. gxf4 exf4 0-1

[Event "Flint (MEX/2)"]
[Site "?"]
[Date "1992.??.??"]
[Round "?"]
[White "Hahn, David"]
[Black "Sloan, Thomas"]
[Result "1-0"]
[WhiteElo "2240"]
[BlackElo "2125"]
[PlyCount "93"]
[EventDate "1992.??.??"]

1. c4 f5 2. Nf3 Nf6 3. g3 g6 4. Bg2 Bg7 5. O-O O-O 6. d4 d6 7. d5 c6 8. Nc3 a5
9. Nd4 Bd7 10. Rb1 cxd5 11. cxd5 Na6 12. Ne6 Bxe6 13. dxe6 Nc5 14. Be3 Nfe4 15.
Nxe4 Nxe4 16. Bxe4 fxe4 17. Qd5 b5 18. Qxe4 Rf5 19. Bf4 d5 20. Qd3 Qb6 21. Rbc1
Qxe6 22. Qxb5 g5 23. Bd2 Raf8 24. b3 Re5 25. e3 Rf3 26. Bc3 d4 27. Qe2 Rexe3
28. fxe3 Rxe3 29. Qc4 Qxc4 30. bxc4 dxc3 31. Kg2 Re2+ 32. Rf2 Rxf2+ 33. Kxf2
Kf7 34. Ke3 Ke6 35. Ke4 Kd6 36. Kd3 Kc5 37. Rb1 Kc6 38. Rb5 a4 39. Rxg5 Bh6 40.
Rh5 Bd2 41. Rxh7 e5 42. Rh4 Kc5 43. Re4 Kb4 44. Rxe5 Ka3 45. Kc2 Kxa2 46. c5 a3
47. c6 1-0

[Event "Detroit (MI Op/1a/10)"]
[Site "?"]
[Date "1992.??.??"]
[Round "?"]
[White "Hahn, David"]
[Black "Pirochta, T."]
[Result "1-0"]
[WhiteElo "2225"]
[BlackElo "1925"]
[PlyCount "41"]
[EventDate "1992.??.??"]

1. c4 Nf6 2. Nc3 g6 3. e4 d6 4. d4 Bg7 5. f3 O-O 6. Nge2 e5 7. Bg5 Nc6 8. d5
Ne7 9. Qd2 a5 10. g4 Nd7 11. O-O-O f6 12. Be3 Nc5 13. h4 Qe8 14. Nb5 Qd8 15. h5
g5 16. Nec3 h6 17. Bxc5 dxc5 18. Na4 b6 19. d6 cxd6 20. Qxd6 Bb7 21. Qe6+ 1-0